000 00328nam a22001217a 4500
999 _c534774
_d534774
082 _a297
100 _aAhmed, Zufiqar
245 _aIlm Ki Pyass /
_cZufiqar Ahmed
260 _6Faisalabad :
_aMatabe-ul-Faqeer Publication,
_b2011.
300 _a355 p.
942 _2ddc
_cBK